| 000 | 00389nam a22001577a 4500 | ||
|---|---|---|---|
| 020 | _a81-7826-159-6 | ||
| 082 |
_a823 _bSTE/B |
||
| 245 |
_aTHE BLACK ARROW _bSHORT STORY |
||
| 246 |
_aTHE BLACK ARROW _bSHORT STORY |
||
| 250 | _a2003 | ||
| 260 |
_aDELHI _bROHAN BOOK COMPANY _c2003 |
||
| 300 | _a204 | ||
| 520 | _aCHILDRENS SHORT STORIES | ||
| 650 | _aMODERN ILLUSTRTED CLASSICS | ||
| 942 | _cBK | ||
| 999 |
_c357 _d357 |
||